Представление документа в формате RUSMARC

ПолеНазваниеЗначение
  Тип записи a
  Библиографический уровень m
001 Контрольный номер RU\bookru\bibl\919277
003 Постоянный идентификатор записи http://www.book.ru/book/919277
005 Дата корректировки 20161026112536.1
010 Индекс ISBN __
a ISBN 978-5-406-04007-2
100 Данные общей обработки 0_
a Данные общей обработки 20151209d2015 mk y0rusy50 ca
101 Язык документа 0_
a Язык текста Русский
102 Страна публикации __
a Страна публикации RU
105 Кодированные данные (монография) __
a Кодированные данные (монография) y ||||000yy
200 Заглавие и сведения об ответственности 1_
a Заглавие Практикум по социально-экономической статистике
210 Выходные данные __
a Место издания Москва
c Издательство КноРус
d Дата издания 2015
215 Физическое описание __
a Объем 359
330 Аннотация __
a Аннотация Практикум полностью соответствует учебной программе по дисциплине «Статистика». В пособии рассматриваются теоретические вопросы, важнейшие показатели системы национальных счетов; статистики населения, рынка труда, занятости, безработицы, затрат на рабочую силу и оплаты труда; баланса активов и пассивов и статистики национального богатства; статистики науки, образования и инноваций; предпринимательства, предприятий и инвестиций; доходов, расходов, потребления. Для студентов экономических вузов и получающих второе высшее образование. Пособием могут воспользоваться слушатели, специалисты-практики, использующие статистические методы в своей деятельности.
606 Тематические рубрики __
a Основная рубрика Статистика
2 Код системы local
608 Указатель предметных рубрик __
a Жанр/форма Учебно-методическое пособие
2 Код системы local
675 Индекс УДК __
a Индекс УДК 311(075.8)
z Язык издания rus
686 Индексы других классификаций __
a Классификационный индекс 60.6я73
2 Код системы rubbk
700 Автор _1
a Фамилия Назаров М.Г. под ред.
801 Источник записи _1
a Страна RU
b Организация book_ru
c Дата составления 20151209
g Правила каталогизации RCR
856 Электронный адрес документа 4_
u Универсальный указатель ресурса (URL) http://www.book.ru/book/919277
951 __
a http://www.book.ru/book/919277